<?xml version="1.0" encoding="UTF-8"?>
<collection xmlns="http://www.loc.gov/MARC21/slim">
 <record>
  <leader>04211nam a22004337a 4500</leader>
  <controlfield tag="001">NCT_45002</controlfield>
  <controlfield tag="008">180706b        xxu||||| |||| 00| 0 vie d</controlfield>
  <datafield tag="999" ind1=" " ind2=" ">
   <subfield code="c">2155</subfield>
   <subfield code="d">2155</subfield>
  </datafield>
  <datafield tag="020" ind1=" " ind2=" ">
   <subfield code="a">9786045704820</subfield>
   <subfield code="c">87000</subfield>
  </datafield>
  <datafield tag="082" ind1="0" ind2="4">
   <subfield code="2">23rd ed.</subfield>
   <subfield code="a">335.423</subfield>
   <subfield code="b">Ch500</subfield>
  </datafield>
  <datafield tag="245" ind1="0" ind2="0">
   <subfield code="a">Giáo trình chủ nghĩa xã hội khoa học </subfield>
  </datafield>
  <datafield tag="250" ind1=" " ind2=" ">
   <subfield code="a">Tái bản có chỉnh sửa bổ sung</subfield>
  </datafield>
  <datafield tag="260" ind1=" " ind2=" ">
   <subfield code="a">H.</subfield>
   <subfield code="b">chính trị quốc gia sự thật</subfield>
   <subfield code="c">2012</subfield>
  </datafield>
  <datafield tag="300" ind1=" " ind2=" ">
   <subfield code="a">554 tr.</subfield>
   <subfield code="c">21cm</subfield>
  </datafield>
  <datafield tag="500" ind1=" " ind2=" ">
   <subfield code="a">ĐTTS ghi: hội đồng trung ương chỉ đạo biên soạn giáo trình quốc gia các bộ môn khoa học mác - lênin, tư tưởng Hồ Chí Minh</subfield>
  </datafield>
  <datafield tag="520" ind1="3" ind2=" ">
   <subfield code="a">Giáo trình gồm có 16 chương, được biên soạn công phu, trình bày theo lô gic hợp lý, nội dung bảo đảm tính khoa học và được cân nhắc thận trọng. </subfield>
  </datafield>
  <datafield tag="653" ind1=" " ind2=" ">
   <subfield code="a">Chính trị</subfield>
  </datafield>
  <datafield tag="942" ind1=" " ind2=" ">
   <subfield code="2">ddc</subfield>
   <subfield code="c">BK</subfield>
  </datafield>
  <datafield tag="952" ind1=" " ind2=" ">
   <subfield code="0">0</subfield>
   <subfield code="1">0</subfield>
   <subfield code="2">ddc</subfield>
   <subfield code="4">0</subfield>
   <subfield code="6">335_423000000000000_CH500</subfield>
   <subfield code="7">0</subfield>
   <subfield code="9">12327</subfield>
   <subfield code="a">000001</subfield>
   <subfield code="b">000001</subfield>
   <subfield code="d">2018-07-07</subfield>
   <subfield code="l">1</subfield>
   <subfield code="o">335.423 Ch500</subfield>
   <subfield code="p">MD.12458</subfield>
   <subfield code="r">2020-05-18</subfield>
   <subfield code="s">2020-05-05</subfield>
   <subfield code="v">87000.00</subfield>
   <subfield code="w">2018-07-07</subfield>
   <subfield code="y">BK</subfield>
  </datafield>
  <datafield tag="952" ind1=" " ind2=" ">
   <subfield code="0">0</subfield>
   <subfield code="1">0</subfield>
   <subfield code="2">ddc</subfield>
   <subfield code="4">0</subfield>
   <subfield code="6">335_423000000000000_CH500</subfield>
   <subfield code="7">0</subfield>
   <subfield code="9">12328</subfield>
   <subfield code="a">000001</subfield>
   <subfield code="b">000001</subfield>
   <subfield code="d">2018-07-07</subfield>
   <subfield code="o">335.423 Ch500</subfield>
   <subfield code="p">MD.12459</subfield>
   <subfield code="r">2018-07-07</subfield>
   <subfield code="v">87000.00</subfield>
   <subfield code="w">2018-07-07</subfield>
   <subfield code="y">BK</subfield>
  </datafield>
  <datafield tag="952" ind1=" " ind2=" ">
   <subfield code="0">0</subfield>
   <subfield code="1">0</subfield>
   <subfield code="2">ddc</subfield>
   <subfield code="4">0</subfield>
   <subfield code="6">335_423000000000000_CH500</subfield>
   <subfield code="7">0</subfield>
   <subfield code="9">12329</subfield>
   <subfield code="a">000001</subfield>
   <subfield code="b">000001</subfield>
   <subfield code="d">2018-07-07</subfield>
   <subfield code="o">335.423 Ch500</subfield>
   <subfield code="p">MD.12460</subfield>
   <subfield code="r">2018-07-07</subfield>
   <subfield code="v">87000.00</subfield>
   <subfield code="w">2018-07-07</subfield>
   <subfield code="y">BK</subfield>
  </datafield>
  <datafield tag="952" ind1=" " ind2=" ">
   <subfield code="0">0</subfield>
   <subfield code="1">0</subfield>
   <subfield code="2">ddc</subfield>
   <subfield code="4">0</subfield>
   <subfield code="6">335_423000000000000_CH500</subfield>
   <subfield code="7">0</subfield>
   <subfield code="9">12330</subfield>
   <subfield code="a">000001</subfield>
   <subfield code="b">000001</subfield>
   <subfield code="d">2018-07-07</subfield>
   <subfield code="o">335.423 Ch500</subfield>
   <subfield code="p">MD.12461</subfield>
   <subfield code="r">2018-07-07</subfield>
   <subfield code="v">87000.00</subfield>
   <subfield code="w">2018-07-07</subfield>
   <subfield code="y">BK</subfield>
  </datafield>
  <datafield tag="952" ind1=" " ind2=" ">
   <subfield code="0">0</subfield>
   <subfield code="1">0</subfield>
   <subfield code="2">ddc</subfield>
   <subfield code="4">0</subfield>
   <subfield code="6">335_423000000000000_CH500</subfield>
   <subfield code="7">0</subfield>
   <subfield code="9">12331</subfield>
   <subfield code="a">000001</subfield>
   <subfield code="b">000001</subfield>
   <subfield code="d">2018-07-07</subfield>
   <subfield code="o">335.423 Ch500</subfield>
   <subfield code="p">MD.12462</subfield>
   <subfield code="r">2018-07-07</subfield>
   <subfield code="v">87000.00</subfield>
   <subfield code="w">2018-07-07</subfield>
   <subfield code="y">BK</subfield>
  </datafield>
  <datafield tag="952" ind1=" " ind2=" ">
   <subfield code="0">0</subfield>
   <subfield code="1">0</subfield>
   <subfield code="2">ddc</subfield>
   <subfield code="4">0</subfield>
   <subfield code="6">335_423000000000000_CH500</subfield>
   <subfield code="7">0</subfield>
   <subfield code="9">12332</subfield>
   <subfield code="a">000001</subfield>
   <subfield code="b">000001</subfield>
   <subfield code="d">2018-07-07</subfield>
   <subfield code="o">335.423 Ch500</subfield>
   <subfield code="p">MD.12463</subfield>
   <subfield code="r">2018-07-07</subfield>
   <subfield code="v">87000.00</subfield>
   <subfield code="w">2018-07-07</subfield>
   <subfield code="y">BK</subfield>
  </datafield>
  <datafield tag="952" ind1=" " ind2=" ">
   <subfield code="0">0</subfield>
   <subfield code="1">0</subfield>
   <subfield code="2">ddc</subfield>
   <subfield code="4">0</subfield>
   <subfield code="6">335_423000000000000_CH500</subfield>
   <subfield code="7">0</subfield>
   <subfield code="9">12333</subfield>
   <subfield code="a">000001</subfield>
   <subfield code="b">000001</subfield>
   <subfield code="d">2018-07-07</subfield>
   <subfield code="l">1</subfield>
   <subfield code="o">335.423 Ch500</subfield>
   <subfield code="p">MD.12464</subfield>
   <subfield code="r">2020-10-17</subfield>
   <subfield code="s">2020-08-14</subfield>
   <subfield code="v">87000.00</subfield>
   <subfield code="w">2018-07-07</subfield>
   <subfield code="y">BK</subfield>
  </datafield>
  <datafield tag="952" ind1=" " ind2=" ">
   <subfield code="0">0</subfield>
   <subfield code="1">0</subfield>
   <subfield code="2">ddc</subfield>
   <subfield code="4">0</subfield>
   <subfield code="6">335_423000000000000_CH500</subfield>
   <subfield code="7">0</subfield>
   <subfield code="9">12334</subfield>
   <subfield code="a">000001</subfield>
   <subfield code="b">000001</subfield>
   <subfield code="d">2018-07-07</subfield>
   <subfield code="o">335.423 Ch500</subfield>
   <subfield code="p">MD.12465</subfield>
   <subfield code="r">2018-07-07</subfield>
   <subfield code="v">87000.00</subfield>
   <subfield code="w">2018-07-07</subfield>
   <subfield code="y">BK</subfield>
  </datafield>
  <datafield tag="952" ind1=" " ind2=" ">
   <subfield code="0">0</subfield>
   <subfield code="1">0</subfield>
   <subfield code="2">ddc</subfield>
   <subfield code="4">0</subfield>
   <subfield code="6">335_423000000000000_CH500</subfield>
   <subfield code="7">0</subfield>
   <subfield code="9">12335</subfield>
   <subfield code="a">000001</subfield>
   <subfield code="b">000001</subfield>
   <subfield code="d">2018-07-07</subfield>
   <subfield code="l">1</subfield>
   <subfield code="o">335.423 Ch500</subfield>
   <subfield code="p">MD.12466</subfield>
   <subfield code="r">2020-08-21</subfield>
   <subfield code="s">2020-08-14</subfield>
   <subfield code="v">87000.00</subfield>
   <subfield code="w">2018-07-07</subfield>
   <subfield code="y">BK</subfield>
  </datafield>
  <datafield tag="952" ind1=" " ind2=" ">
   <subfield code="0">0</subfield>
   <subfield code="1">0</subfield>
   <subfield code="2">ddc</subfield>
   <subfield code="4">0</subfield>
   <subfield code="6">335_423000000000000_CH500</subfield>
   <subfield code="7">0</subfield>
   <subfield code="9">12336</subfield>
   <subfield code="a">000001</subfield>
   <subfield code="b">000001</subfield>
   <subfield code="d">2018-07-07</subfield>
   <subfield code="o">335.423 Ch500</subfield>
   <subfield code="p">MD.12467</subfield>
   <subfield code="r">2018-07-07</subfield>
   <subfield code="v">87000.00</subfield>
   <subfield code="w">2018-07-07</subfield>
   <subfield code="y">BK</subfield>
  </datafield>
  <datafield tag="952" ind1=" " ind2=" ">
   <subfield code="0">0</subfield>
   <subfield code="1">0</subfield>
   <subfield code="2">ddc</subfield>
   <subfield code="4">0</subfield>
   <subfield code="6">335_423000000000000_CH500</subfield>
   <subfield code="7">0</subfield>
   <subfield code="9">12337</subfield>
   <subfield code="a">000001</subfield>
   <subfield code="b">000001</subfield>
   <subfield code="d">2018-07-07</subfield>
   <subfield code="o">335.423 Ch500</subfield>
   <subfield code="p">MD.12468</subfield>
   <subfield code="r">2018-07-07</subfield>
   <subfield code="v">87000.00</subfield>
   <subfield code="w">2018-07-07</subfield>
   <subfield code="y">BK</subfield>
  </datafield>
  <datafield tag="952" ind1=" " ind2=" ">
   <subfield code="0">0</subfield>
   <subfield code="1">0</subfield>
   <subfield code="2">ddc</subfield>
   <subfield code="4">0</subfield>
   <subfield code="6">335_423000000000000_CH500</subfield>
   <subfield code="7">0</subfield>
   <subfield code="9">12338</subfield>
   <subfield code="a">000001</subfield>
   <subfield code="b">000001</subfield>
   <subfield code="d">2018-07-07</subfield>
   <subfield code="l">1</subfield>
   <subfield code="o">335.423 Ch500</subfield>
   <subfield code="p">MD.12469</subfield>
   <subfield code="r">2020-08-17</subfield>
   <subfield code="s">2020-08-14</subfield>
   <subfield code="v">87000.00</subfield>
   <subfield code="w">2018-07-07</subfield>
   <subfield code="y">BK</subfield>
  </datafield>
  <datafield tag="952" ind1=" " ind2=" ">
   <subfield code="0">0</subfield>
   <subfield code="1">0</subfield>
   <subfield code="2">ddc</subfield>
   <subfield code="4">0</subfield>
   <subfield code="6">335_423000000000000_CH500</subfield>
   <subfield code="7">0</subfield>
   <subfield code="9">12339</subfield>
   <subfield code="a">000001</subfield>
   <subfield code="b">000001</subfield>
   <subfield code="d">2018-07-07</subfield>
   <subfield code="o">335.423 Ch500</subfield>
   <subfield code="p">MD.12470</subfield>
   <subfield code="r">2018-07-07</subfield>
   <subfield code="v">87000.00</subfield>
   <subfield code="w">2018-07-07</subfield>
   <subfield code="y">BK</subfield>
  </datafield>
  <datafield tag="952" ind1=" " ind2=" ">
   <subfield code="0">0</subfield>
   <subfield code="1">0</subfield>
   <subfield code="2">ddc</subfield>
   <subfield code="4">0</subfield>
   <subfield code="6">335_423000000000000_CH500</subfield>
   <subfield code="7">0</subfield>
   <subfield code="9">12340</subfield>
   <subfield code="a">000001</subfield>
   <subfield code="b">000001</subfield>
   <subfield code="d">2018-07-07</subfield>
   <subfield code="o">335.423 Ch500</subfield>
   <subfield code="p">MD.12471</subfield>
   <subfield code="r">2018-07-07</subfield>
   <subfield code="v">87000.00</subfield>
   <subfield code="w">2018-07-07</subfield>
   <subfield code="y">BK</subfield>
  </datafield>
  <datafield tag="952" ind1=" " ind2=" ">
   <subfield code="0">0</subfield>
   <subfield code="1">0</subfield>
   <subfield code="2">ddc</subfield>
   <subfield code="4">0</subfield>
   <subfield code="6">335_423000000000000_CH500</subfield>
   <subfield code="7">0</subfield>
   <subfield code="9">12341</subfield>
   <subfield code="a">000001</subfield>
   <subfield code="b">000001</subfield>
   <subfield code="d">2018-07-07</subfield>
   <subfield code="o">335.423 Ch500</subfield>
   <subfield code="p">MD.12472</subfield>
   <subfield code="r">2018-07-07</subfield>
   <subfield code="v">87000.00</subfield>
   <subfield code="w">2018-07-07</subfield>
   <subfield code="y">BK</subfield>
  </datafield>
  <datafield tag="952" ind1=" " ind2=" ">
   <subfield code="0">0</subfield>
   <subfield code="1">0</subfield>
   <subfield code="2">ddc</subfield>
   <subfield code="4">0</subfield>
   <subfield code="6">335_423000000000000_CH500</subfield>
   <subfield code="7">0</subfield>
   <subfield code="9">12342</subfield>
   <subfield code="a">000001</subfield>
   <subfield code="b">000001</subfield>
   <subfield code="d">2018-07-07</subfield>
   <subfield code="o">335.423 Ch500</subfield>
   <subfield code="p">MD.12473</subfield>
   <subfield code="r">2018-07-07</subfield>
   <subfield code="v">87000.00</subfield>
   <subfield code="w">2018-07-07</subfield>
   <subfield code="y">BK</subfield>
  </datafield>
  <datafield tag="952" ind1=" " ind2=" ">
   <subfield code="0">0</subfield>
   <subfield code="1">0</subfield>
   <subfield code="2">ddc</subfield>
   <subfield code="4">0</subfield>
   <subfield code="6">335_423000000000000_CH500</subfield>
   <subfield code="7">0</subfield>
   <subfield code="9">12343</subfield>
   <subfield code="a">000001</subfield>
   <subfield code="b">000001</subfield>
   <subfield code="d">2018-07-07</subfield>
   <subfield code="o">335.423 Ch500</subfield>
   <subfield code="p">MD.12474</subfield>
   <subfield code="r">2018-07-07</subfield>
   <subfield code="v">87000.00</subfield>
   <subfield code="w">2018-07-07</subfield>
   <subfield code="y">BK</subfield>
  </datafield>
  <datafield tag="952" ind1=" " ind2=" ">
   <subfield code="0">0</subfield>
   <subfield code="1">0</subfield>
   <subfield code="2">ddc</subfield>
   <subfield code="4">0</subfield>
   <subfield code="6">335_423000000000000_CH500</subfield>
   <subfield code="7">0</subfield>
   <subfield code="9">12344</subfield>
   <subfield code="a">000001</subfield>
   <subfield code="b">000001</subfield>
   <subfield code="d">2018-07-07</subfield>
   <subfield code="o">335.423 Ch500</subfield>
   <subfield code="p">MD.12475</subfield>
   <subfield code="r">2018-07-07</subfield>
   <subfield code="v">87000.00</subfield>
   <subfield code="w">2018-07-07</subfield>
   <subfield code="y">BK</subfield>
  </datafield>
  <datafield tag="952" ind1=" " ind2=" ">
   <subfield code="0">0</subfield>
   <subfield code="1">0</subfield>
   <subfield code="2">ddc</subfield>
   <subfield code="4">0</subfield>
   <subfield code="6">335_423000000000000_CH500</subfield>
   <subfield code="7">0</subfield>
   <subfield code="9">12345</subfield>
   <subfield code="a">000001</subfield>
   <subfield code="b">000001</subfield>
   <subfield code="d">2018-07-07</subfield>
   <subfield code="o">335.423 Ch500</subfield>
   <subfield code="p">MD.12476</subfield>
   <subfield code="r">2018-07-07</subfield>
   <subfield code="v">87000.00</subfield>
   <subfield code="w">2018-07-07</subfield>
   <subfield code="y">BK</subfield>
  </datafield>
  <datafield tag="952" ind1=" " ind2=" ">
   <subfield code="0">0</subfield>
   <subfield code="1">0</subfield>
   <subfield code="2">ddc</subfield>
   <subfield code="4">0</subfield>
   <subfield code="6">335_423000000000000_CH500</subfield>
   <subfield code="7">0</subfield>
   <subfield code="9">12346</subfield>
   <subfield code="a">000001</subfield>
   <subfield code="b">000001</subfield>
   <subfield code="d">2018-07-07</subfield>
   <subfield code="l">1</subfield>
   <subfield code="o">335.423 Ch500</subfield>
   <subfield code="p">MD.12477</subfield>
   <subfield code="r">2019-04-19</subfield>
   <subfield code="s">2019-04-09</subfield>
   <subfield code="v">87000.00</subfield>
   <subfield code="w">2018-07-07</subfield>
   <subfield code="y">BK</subfield>
  </datafield>
  <datafield tag="980" ind1=" " ind2=" ">
   <subfield code="a">Thư viện Trường Đại học Nam Cần Thơ</subfield>
  </datafield>
 </record>
</collection>
